Bienvenue à la Médiathèque de Saint-Andiol
banniere
Accueil Recherche avancée Mon compte
handi1 Rechercher dans le catalogue

Filtre   Mots-clés
  Recherche avancée
 
Lister les dernières nouveautés
 
Lister les livres GROS CARACTERES
 
Lister les périodiques (magazines)

handi1 Chevaux au vent !

<< Retourner aux résultats de la recherche
Book Cover
Auteur principal : Laurent Dufreney
Autres auteurs : Miss Prickly
Autres auteurs : Magali Paillat
Titre : Chevaux au vent !
Support : Livres
Langue : Francais
Series : A cheval !
Genre : Bande Dessinée (enfants)
Sujets :
Étiquettes :
Pas de tags
LEADER 01172nam0a2200229 450
001 16868297
010 |a 978-2-413-01121-7  |b cart.  |d 10,95 € 
100 |a 20180906d2018 u u0frey01 ba 
101 0 |a fre 
102 |a FR 
200 0 |a Chevaux au vent !  |f scénario Laurent Dufreney  |g dessin Miss Prickly - couleur Magali Paillat 
207 1 |a   
215 |a 1 vol. (39 p.)  |c illustrations en couleur  |d 30 cm 
300 |a Coup de coeur 
330 |a Rien ne vaut une randonnée pour se dégourdir les sabots ! Et cette sortie sera encore une fois aux couleurs de nos amis du Club : pleine de surprises, de rebondissements et de gags. Si Flash file comme une flèche, Smoussi a toujours un train de retard pendant que Xanax essaie tant bien que mal de contrôler ses émotions… Heureusement Kara est là pour remettre tout ce petit monde sur les rails. 
461 0 |t A cheval !  |v 05 
700 0 |a Dufreney  |b Laurent  |f 1979-....  |4 70 
701 0 |a Miss Prickly  |f 1982-....  |4 440 
702 0 |a Paillat  |b Magali  |4 410 
900 |a Bande Dessinée (enfants) 
901 |a Jeunesse 
995 |a Médiathèque  |c Médiathèque  |f 00156006201404  |h 00156006201404  |k BD ACH  |o p  |q j  |r az  |e Médiathèque